Ephemerides of the minor planets (Record no. 19983)

MARC details
000 -LEADER
fixed length control field 00352nam a2200133Ia 4500
003 - CONTROL NUMBER IDENTIFIER
control field IN-BaIIA
008 - FIXED-LENGTH DATA ELEMENTS--GENERAL INFORMATION
fixed length control field 211028s9999 xx 000 0 eng d
040 ## - CATALOGING SOURCE
Transcribing agency IIA Library
100 ## - MAIN ENTRY--PERSONAL NAME
Personal name Chebrtav,G.
9 (RLIN) 37663
245 #0 - TITLE STATEMENT
Title Ephemerides of the minor planets
Statement of responsibility, etc. G. Chebrtav
260 ## - PUBLICATION, DISTRIBUTION, ETC.
Name of publisher, distributor, etc. Institute of Theoretical Astronomy
Date of publication, distribution, etc. 1969
300 ## - PHYSICAL DESCRIPTION
Extent 160p.
942 ## - ADDED ENTRY ELEMENTS (KOHA)
Koha item type Books
Holdings
Withdrawn status Lost status Damaged status Not for loan Home library Current library Shelving location Date acquired Total Checkouts Barcode Date last seen Price effective from Koha item type Purchase Price
        IIA Library-Bangalore IIA Library-Bangalore General Stacks     3672 05/11/2021   Books Free

Powered by Koha